书目信息 |
| 题名: |
杨式太极拳用法解要
|
|
| 作者: | 庞大明 编著 | |
| 分册: | ||
| 出版信息: | 北京 北京体育大学出版社 1998.09 |
|
| 页数: | 339页 | |
| 开本: | 32开 | |
| 丛书名: | ||
| 单 册: | ||
| 中图分类: | G852.11 | |
| 科图分类: | ||
| 主题词: | 武术 , 民族形式体育 | |
| 电子资源: | ||
| ISBN: | 7-81051-288-9 | |
| 000 | 00595nam0 2200205 45 | |
| 001 | 0010261809 | |
| 005 | 20001026183204.5 | |
| 010 | @a7-81051-288-9@d22.00元 | |
| 100 | @a20001026d1998 km y0chiy0120 ea | |
| 101 | 0 | @achi |
| 105 | @a z 000yy | |
| 200 | 1 | @a杨式太极拳用法解要@AYang Shi Tai Ji Quan Yong Fa Jie Yao@f庞大明编著@FPang Da Ming Bian Zhu |
| 210 | @a北京@c北京体育大学出版社@d1998.09 | |
| 215 | @a339页@d32开 | |
| 606 | 0 | @a武术 |
| 606 | 0 | @a民族形式体育 |
| 690 | @aG852.11@v3 | |
| 701 | 0 | @a庞大明@4编著 |
| 801 | @aCN@bPftUser@c20001026 | |
| 905 | @b191583-587@dG852.11@eP524@f5 | |
| 杨式太极拳用法解要/庞大明编著.-北京:北京体育大学出版社,1998.09 |
| 339页;32开 |
| ISBN 7-81051-288-9:22.00元 |
| ● |
| 相关链接 |
|
|
|
正题名:杨式太极拳用法解要
索取号:G852.11/P524
 
预约/预借
| 序号 | 登录号 | 条形码 | 馆藏地/架位号 | 状态 | 备注 |
| 1 | 191583 | 201915838 | 社科库409/409社科库 25排2列1层/ [索取号:G852.11/P524] | 在馆 | |
| 2 | 191584 | 201915847 | 社科库409/409社科库 25排2列1层/ [索取号:G852.11/P524] | 在馆 | |
| 3 | 191585 | 201915856 | 社科库409/409社科库 25排2列1层/ [索取号:G852.11/P524] | 在馆 | |
| 4 | 191586 | 201915865 | 社科库409/ [索取号:G852.11/P524] | 在馆 | |
| 5 | 191587 | 201915874 | 社科库409/409社科库 25排2列1层/ [索取号:G852.11/P524] | 在馆 |